000
00327 a2200109 4500
001
ART_30480
005
20260410162004.0
008
260409a
245
1
0
_a
Aporte de la Universidad a la cuenta general
100
1
_a
Le Pera, Alfredo
773
0
_t
Boletín Informativo ASAP
_g
- Nº 12 (ago. 1984)
_w
REV30391
999
_c
31554
_d
31554